| 000 | 00862nam a2200205Ia 4500 | ||
|---|---|---|---|
| 999 |
_c37959 _d37959 |
||
| 001 | 3941 | ||
| 003 | GE_BSU | ||
| 005 | 20190916104220.0 | ||
| 008 | 181216s2001||||ge |||||||||||||| ||geo|| | ||
| 040 | _cGE_BSU | ||
| 041 | _ageo | ||
| 080 | _a32.001 ხ–20 | ||
| 245 |
_aხალხის სამსახურში : _bმოგონებები მიხეილ ხოზრევანიძეზე / _cრედ.: იოსებ ხიმშიაშვილი. |
||
| 264 |
_aბათუმი : _bალიონი, _c2001. |
||
| 300 |
_a100 გვ. : _bილ. ; _c20 სმ. |
||
| 600 |
_aხოზრევანიძე მიხეილ _93996 |
||
| 653 | _aხალხის სამსახურში | ||
| 700 |
_aხიმშიაშვილი, იოსებ _eრედაქტორი _93997 |
||
| 942 |
_cBK _2udc |
||